[Event "Quebec-ch U16"]
[Site "Montreal CAN"]
[Date "2011.11.27"]
[Round "5"]
[White "Cote-Lalumiere, Tristan"]
[Black "Isaev, Nikolay"]
[Result "1-0"]
[WhiteElo "1868"]
[BlackElo "1651"]
[PlyCount "109"]
[GameId "2160767909573449"]
[EventDate "2011.11.25"]
[EventType "swiss"]
[EventRounds "5"]
[EventCountry "CAN"]
[SourceTitle "EXT 2022"]
[Source "ChessBase"]
[SourceDate "2021.10.06"]
[SourceVersion "1"]
[SourceVersionDate "2021.10.06"]
[SourceQuality "1"]

1. e4 c5 2. Nf3 d6 3. Nc3 Nf6 4. d4 cxd4 5. Nxd4 g6 6. Be3 Bg7 7. f3 O-O 8. Bc4 Nc6 9. Qd2 Bd7 10. O-O-O Rc8 11. Bb3 Ne5 12. h4 h5 13. Bg5 Rc5 14. g4 hxg4 15. h5 gxh5 16. Nd5 Nxd5 17. Bxd5 Qb6 18. Bb3 Nc4 19. Bxc4 Rxc4 20. Be3 Rfc8 21. Kb1 Rxc2 22. Qxc2 Rxc2 23. Kxc2 Qa5 24. Kb1 gxf3 25. Nxf3 Bg4 26. Rd5 Qb4 27. Nd4 e6 28. Rg5 Kf8 29. Rb5 Qc4 30. Rxb7 Qd3+ 31. Nc2 Qxe4 32. Rb8+ Ke7 33. Rc1 Bf5 34. Ka1 Qg2 35. Nd4 Bxd4 36. Bxd4 e5 37. Bxa7 h4 38. Rg1 Qc2 39. Be3 h3 40. Rh8 Qh2 41. Rc1 Qe2 42. Bg1 e4 43. Rc7+ Bd7 44. Rc1 d5 45. Bc5+ Kf6 46. Bd4+ Ke7 47. Bc5+ Kf6 48. Bd4+ Kg6 49. Rg1+ Bg4 50. Rxh3 f5 51. Rh8 Kf7 52. Rgh1 Kg6 53. Rg8+ Kf7 54. Rg7+ Ke6 55. Rh6# 1-0

[Event "Quebec-ch U16"]
[Site "Montreal CAN"]
[Date "2011.11.27"]
[Round "5"]
[White "Nikulich, Oleksandr"]
[Black "Bissonnette, Raphael"]
[Result "1-0"]
[WhiteElo "1832"]
[BlackElo "1071"]
[PlyCount "83"]
[GameId "2160767909573450"]
[EventDate "2011.11.25"]
[EventType "swiss"]
[EventRounds "5"]
[EventCountry "CAN"]
[SourceTitle "hb 2012"]

1. e4 e5 2. Nf3 Nc6 3. Bb5 a6 4. Ba4 Nf6 5. O-O b5 6. Bb3 Bc5 7. d3 h6 8. h3 O-O 9. c3 Bb6 10. Re1 Re8 11. Nbd2 Na5 12. Bc2 d5 13. exd5 Qxd5 14. d4 exd4 15. Rxe8+ Nxe8 16. Be4 Qh5 17. Bxa8 dxc3 18. Nb3 Bxh3 19. gxh3 Qxh3 20. Qf1 Qg3+ 21. Qg2 Bxf2+ 22. Kf1 cxb2 23. Bxb2 Nc4 24. Qxf2 Qxf2+ 25. Kxf2 Nxb2 26. Bb7 Nd6 27. Bxa6 Nbc4 28. Nfd4 Ne4+ 29. Kg2 Nc3 30. Nxb5 Nxa2 31. Rxa2 c6 32. N5d4 Ne5 33. Bb7 Kh7 34. Bxc6 Nxc6 35. Nxc6 h5 36. Kg3 g5 37. Ra7 Kg6 38. Ne5+ Kf5 39. Nxf7 h4+ 40. Kh3 Kf4 41. Ra4+ Kf5 42. Ra5+ 1-0

[Event "Quebec-ch U16"]
[Site "Montreal CAN"]
[Date "2011.11.27"]
[Round "5"]
[White "Robillard, Xavier"]
[Black "Plante, Santiago"]
[Result "0-1"]
[WhiteElo "993"]
[BlackElo "1133"]
[PlyCount "70"]
[GameId "2160767909573451"]
[EventDate "2011.11.25"]
[EventType "swiss"]
[EventRounds "5"]
[EventCountry "CAN"]
[SourceTitle "hb 2012"]

1. d4 Nf6 2. Nf3 g6 3. Nc3 Bg7 4. e4 d6 5. e5 dxe5 6. Be3 exd4 7. Bxd4 Nc6 8. Be3 Qxd1+ 9. Nxd1 Bg4 10. Be2 Nb4 11. Rc1 Nxa2 12. Rb1 Nb4 13. h3 Bf5 14. Nd4 Nxc2+ 15. Kd2 Nxe3 16. fxe3 Bxb1 17. Nc3 Ne4+ 18. Kc1 Nxc3 19. Nc2 Nxe2+ 20. Kxb1 O-O-O 21. Re1 Ng3 22. Nd4 Bxd4 23. exd4 Rxd4 24. Rxe7 Rhd8 25. Rxf7 Rd2 26. Rxh7 Rxg2 27. Rg7 Rdd2 28. Rg8+ Kd7 29. Rg7+ Ke6 30. Rxg6+ Kf5 31. Rg4 Rxb2+ 32. Kc1 Ne2+ 33. Kxb2 Rxg4 34. hxg4+ Kxg4 35. Kb3 Kf4 0-1

[Event "Quebec-ch U16"]
[Site "Montreal CAN"]
[Date "2011.11.27"]
[Round "5"]
[White "Sprumont, Oscar"]
[Black "Luo, Zhao Yang"]
[Result "1/2-1/2"]
[WhiteElo "1817"]
[BlackElo "1971"]
[PlyCount "57"]
[GameId "2160767909573452"]
[EventDate "2011.11.25"]
[EventType "swiss"]
[EventRounds "5"]
[EventCountry "CAN"]
[SourceTitle "hb 2012"]

1. e4 c6 2. d4 d5 3. Nd2 dxe4 4. Nxe4 Bf5 5. Ng3 Bg6 6. h4 h6 7. Nf3 Nd7 8. h5 Bh7 9. Bd3 Bxd3 10. Qxd3 Ngf6 11. Bf4 e6 12. O-O-O Be7 13. Ne4 Nxe4 14. Qxe4 Nf6 15. Qd3 O-O 16. Ne5 Nd5 17. Bd2 a5 18. Qg3 Kh8 19. Kb1 Bf6 20. c4 Nb6 21. Qc3 Na4 22. Qe3 Qb6 23. Bc1 Bxe5 24. dxe5 Qb4 25. Qb3 Qxb3 26. axb3 Nc5 27. Kc2 Rfd8 28. Be3 Nd7 29. f4 1/2-1/2

[Event "Quebec-ch U16"]
[Site "Montreal CAN"]
[Date "2011.11.27"]
[Round "5"]
[White "Zvionow, Yigal"]
[Black "Guo, Forest"]
[Result "0-1"]
[WhiteElo "1394"]
[BlackElo "1949"]
[PlyCount "76"]
[GameId "2160767909573453"]
[EventDate "2011.11.25"]
[EventType "swiss"]
[EventRounds "5"]
[EventCountry "CAN"]
[SourceTitle "hb 2012"]

1. Nf3 c5 2. g3 Nc6 3. Bg2 Nf6 4. Rf1 d5 5. b3 e5 6. d3 Bd6 7. e3 O-O 8. Nc3 Re8 9. Bb2 e4 10. Ng1 Bf5 11. d4 cxd4 12. exd4 Rc8 13. Qd2 Bb4 14. a3 Ba5 15. O-O-O a6 16. Rfe1 b5 17. b4 Bb6 18. h3 Bxd4 19. g4 Bg6 20. g5 Nh5 21. a4 bxa4 22. Nxa4 Bxb2+ 23. Kxb2 Nxb4 24. Qxb4 Rb8 25. c3 Rxb4+ 26. cxb4 Qxg5 27. Bf3 f6 28. Re2 exf3 29. Rxe8+ Bxe8 30. Nc5 Qe5+ 31. Kb3 Bb5 32. Nxf3 Qe2 33. Rxd5 Qxf3+ 34. Kb2 Qxd5 35. Kc3 Qc4+ 36. Kd2 Qxb4+ 37. Ke3 Qxc5+ 38. Kf3 Qe5 0-1

[Event "Quebec-ch U20"]
[Site "Montreal CAN"]
[Date "2011.02.11"]
[Round "1"]
[White "Chang, Michael"]
[Black "Poulin, Mathieu"]
[Result "1-0"]
[WhiteElo "1538"]
[BlackElo "2032"]
[PlyCount "105"]
[GameId "2160767909812652"]
[EventDate "2011.02.11"]
[EventType "swiss"]
[EventRounds "5"]
[EventCountry "CAN"]
[SourceTitle "EXT 2013"]
[Source "ChessBase"]
[SourceDate "2012.11.22"]
[SourceVersion "1"]
[SourceVersionDate "2012.11.22"]
[SourceQuality "1"]

1. e4 c6 2. d4 d5 3. Nc3 dxe4 4. Nxe4 Bf5 5. Ng3 Bg6 6. h4 h6 7. Nf3 Nd7 8. Bd3 Bxd3 9. Qxd3 e6 10. Bf4 Qa5+ 11. Bd2 Qc7 12. O-O-O Ngf6 13. c4 O-O-O 14. Bc3 c5 15. Qe2 cxd4 16. Nxd4 a6 17. Kb1 Nc5 18. Nf3 Bd6 19. Be5 Ne8 20. Rd2 Nd7 21. Bxd6 Nxd6 22. Rc1 Kb8 23. b4 Rc8 24. c5 Nb5 25. a4 Na7 26. Ne4 Nf6 27. Nd6 Rcd8 28. Ne5 Rhf8 29. b5 axb5 30. axb5 Nc8 31. b6 Nxb6 32. Rb2 Rxd6 33. cxd6 Qxd6 34. Qb5 Nfd5 35. Nc4 Qc7 36. Nxb6 Nc3+ 37. Rxc3 Qxc3 38. Nd7+ Kc7 39. Rc2 Qxc2+ 40. Kxc2 Rc8 41. Kb2 Kd6 42. Nb6 Rc6 43. f4 g6 44. Nc4+ Kc7 45. Qe5+ Kd7 46. Qd4+ Ke7 47. Ne5 Rc7 48. Kb3 h5 49. Nc4 Rc6 50. Ne5 Rc7 51. Kb4 Ke8 52. Qd6 Re7 53. Qb8# 1-0

[Event "Quebec-ch U20"]
[Site "Montreal CAN"]
[Date "2011.02.11"]
[Round "1"]
[White "Jiang, Louie"]
[Black "Cote-Lalumiere, Tristan"]
[Result "1-0"]
[WhiteElo "2331"]
[BlackElo "1884"]
[PlyCount "63"]
[GameId "2160767909812655"]
[EventDate "2011.02.11"]
[EventType "swiss"]
[EventRounds "5"]
[EventCountry "CAN"]
[SourceTitle "EXT 2013"]
[Source "ChessBase"]
[SourceDate "2012.11.22"]
[SourceVersion "1"]
[SourceVersionDate "2012.11.22"]
[SourceQuality "1"]

1. e4 c5 2. Nf3 d6 3. d4 cxd4 4. Nxd4 Nf6 5. f3 g6 6. c4 Bg7 7. Nc3 O-O 8. Be3 Nc6 9. Nc2 Nd7 10. Qd2 a6 11. Rc1 Nde5 12. Nd5 f5 13. Bb6 Qd7 14. f4 Ng4 15. exf5 Qxf5 16. Nce3 Nxe3 17. Bxe3 e5 18. Bd3 Qg4 19. O-O Bf5 20. Be2 Qh4 21. g3 Qh3 22. Bf3 Bg4 23. Bg2 Qh5 24. b4 Rac8 25. Rce1 Rf7 26. b5 Ne7 27. fxe5 Rxf1+ 28. Rxf1 Qxe5 29. Re1 Qf5 30. Bg5 Bd4+ 31. Qxd4 Qxg5 32. Qxg4 1-0

[Event "Quebec-ch U20"]
[Site "Montreal CAN"]
[Date "2011.02.11"]
[Round "1"]
[White "Luo, Zhao Yang"]
[Black "He, Hang Shao"]
[Result "1-0"]
[WhiteElo "2004"]
[BlackElo "1508"]
[PlyCount "99"]
[GameId "2160767909812656"]
[EventDate "2011.02.11"]
[EventType "swiss"]
[EventRounds "5"]
[EventCountry "CAN"]

1. d4 Nf6 2. c4 e6 3. Nf3 d5 4. Bg5 c6 5. Nc3 Be7 6. e3 Nbd7 7. Rc1 O-O 8. Qc2 Re8 9. Bd3 dxc4 10. Bxc4 b5 11. Bd3 Bb7 12. O-O a6 13. Rfd1 h6 14. Bh4 c5 15. dxc5 Bxc5 16. Ne4 Be7 17. Nxf6+ Bxf6 18. Bxf6 gxf6 19. Qc7 Qxc7 20. Rxc7 Bxf3 21. gxf3 Ne5 22. Be4 Rad8 23. Rxd8 Rxd8 24. f4 Nd3 25. b3 Nb4 26. a3 Nd3 27. Rc3 Nb2 28. Rc6 f5 29. Bf3 Rd3 30. Rxa6 Rxb3 31. Ra7 Nc4 32. Bh5 Rxa3 33. Bxf7+ Kf8 34. Rxa3 Nxa3 35. Bxe6 b4 36. Kf1 Ke7 37. Bb3 Kd6 38. Ke2 Nb5 39. Kd3 Kc5 40. f3 Nd6 41. e4 fxe4+ 42. fxe4 Nb5 43. e5 Nd4 44. e6 Nf5 45. Ke4 Ne7 46. f5 Kd6 47. f6 Nc6 48. h4 Na5 49. e7 Kd7 50. Ba4+ 1-0

[Event "Quebec-ch U20"]
[Site "Montreal CAN"]
[Date "2011.02.11"]
[Round "1"]
[White "Manailoiu, Dragos"]
[Black "Lepine, Cedric"]
[Result "0-1"]
[WhiteElo "1503"]
[BlackElo "1983"]
[PlyCount "61"]
[GameId "2160767909812658"]
[EventDate "2011.02.11"]
[EventType "swiss"]
[EventRounds "5"]
[EventCountry "CAN"]
[SourceTitle "EXT 2013"]
[Source "ChessBase"]
[SourceDate "2012.11.22"]
[SourceVersion "1"]
[SourceVersionDate "2012.11.22"]
[SourceQuality "1"]

1. d4 Nf6 2. c4 g6 3. Nc3 d5 4. cxd5 Nxd5 5. e4 Nxc3 6. bxc3 c5 7. Nf3 Bg7 8. Rb1 Qa5 9. Rb5 Qxc3+ 10. Bd2 Qa3 11. Qc2 Nc6 12. Bc1 Nb4 13. Qc4 Qxa2 14. Rxb4 Qxc4 15. Rxc4 cxd4 16. Nxd4 O-O 17. f4 b6 18. Nf3 Bb7 19. e5 a5 20. Ba3 b5 21. Rc7 Rfb8 22. Kf2 b4 23. Bc1 Bxf3 24. gxf3 b3 25. Bd3 a4 26. Bd2 a3 27. Be4 Ra4 28. Rb7 Rxb7 29. Bxb7 b2 30. Bd5 Rd4 31. Bb4 0-1

[Event "Quebec-ch U20"]
[Site "Montreal CAN"]
[Date "2011.02.11"]
[Round "1"]
[White "Shi, Ling Yun"]
[Black "Dumont, Felix"]
[Result "0-1"]
[WhiteElo "1519"]
[BlackElo "2016"]
[PlyCount "86"]
[GameId "2160767909812659"]
[EventDate "2011.02.11"]
[EventType "swiss"]
[EventRounds "5"]
[EventCountry "CAN"]
[SourceTitle "EXT 2013"]
[Source "ChessBase"]
[SourceDate "2012.11.22"]
[SourceVersion "1"]
[SourceVersionDate "2012.11.22"]
[SourceQuality "1"]

1. e4 c5 2. Nf3 d6 3. d4 cxd4 4. Nxd4 Nf6 5. Nc3 Nc6 6. Nxc6 bxc6 7. e5 dxe5 8. Qxd8+ Kxd8 9. Bc4 e6 10. Bg5 Be7 11. O-O-O+ Nd5 12. Ne4 Bxg5+ 13. Nxg5 Ke7 14. Rhe1 f6 15. Ne4 a5 16. a4 Ba6 17. Bxa6 Rxa6 18. Nc5 Ra7 19. g3 g5 20. Rd3 Rb8 21. Red1 Rb4 22. b3 e4 23. Rd4 Rxd4 24. Rxd4 f5 25. c4 Kd6 26. cxd5 Kxc5 27. Rc4+ Kxd5 28. Kc2 Rb7 29. Kc3 c5 30. Kb2 Rb4 31. Rc1 c4 32. Rd1+ Kc5 33. Rd7 Rxb3+ 34. Kc2 Rf3 35. Rxh7 Rxf2+ 36. Kc1 Kb4 37. Rh6 Kxa4 38. Rxe6 Rxh2 39. Re5 Rf2 40. g4 fxg4 41. Rxe4 Kb3 42. Rxg4 c3 43. Rg1 a4 0-1

[Event "Quebec-ch U20"]
[Site "Montreal CAN"]
[Date "2011.02.11"]
[Round "1"]
[White "Trottier, Emile"]
[Black "Sun, Benjamin"]
[Result "1-0"]
[WhiteElo "1973"]
[BlackElo "1437"]
[PlyCount "93"]
[GameId "2160767909812660"]
[EventDate "2011.02.11"]
[EventType "swiss"]
[EventRounds "5"]
[EventCountry "CAN"]
[SourceTitle "EXT 2013"]
[Source "ChessBase"]
[SourceDate "2012.11.22"]
[SourceVersion "1"]
[SourceVersionDate "2012.11.22"]
[SourceQuality "1"]

1. e4 c5 2. c3 Nc6 3. d4 cxd4 4. cxd4 d6 5. Nf3 Nf6 6. Nc3 Bg4 7. d5 Ne5 8. Nxe5 Bxd1 9. Bb5+ Nd7 10. Bxd7+ Qxd7 11. Nxd7 Kxd7 12. Kxd1 Rc8 13. Be3 b6 14. Rc1 g6 15. Ne2 Bg7 16. Bd4 Rxc1+ 17. Kxc1 Rc8+ 18. Kd2 Bxd4 19. Nxd4 e6 20. Rc1 exd5 21. Rxc8 Kxc8 22. exd5 a6 23. b4 Kc7 24. a4 Kd7 25. b5 a5 26. Nc2 Kc7 27. Na3 Kd7 28. Nc4 Kc7 29. Ke3 f6 30. g4 h6 31. Kf4 Kb7 32. Nxd6+ Kc7 33. Ne8+ Kd7 34. Nxf6+ Kd6 35. Ke4 g5 36. Ng8 Kd7 37. Nxh6 Kd6 38. Nf7+ Kd7 39. Nxg5 Ke8 40. h4 Kd7 41. h5 Ke8 42. h6 Kf8 43. d6 Ke8 44. h7 Kd7 45. h8=Q Kxd6 46. Qd8+ Kc5 47. Qd4# 1-0

[Event "Quebec-ch U20"]
[Site "Montreal CAN"]
[Date "2011.02.11"]
[Round "1"]
[White "Zhu, Hong Rui"]
[Black "Yu, Kexin"]
[Result "0-1"]
[WhiteElo "2062"]
[BlackElo "1631"]
[PlyCount "120"]
[GameId "2160767909812662"]
[EventDate "2011.02.11"]
[EventType "swiss"]
[EventRounds "5"]
[EventCountry "CAN"]
[SourceTitle "EXT 2013"]
[Source "ChessBase"]
[SourceDate "2012.11.22"]
[SourceVersion "1"]
[SourceVersionDate "2012.11.22"]
[SourceQuality "1"]

1. e4 e5 2. Nf3 Nc6 3. Bb5 a6 4. Ba4 Nf6 5. O-O b5 6. Bb3 Be7 7. Re1 O-O 8. h3 d6 9. c3 Na5 10. Bc2 c5 11. d4 Nc6 12. d5 Na5 13. Nbd2 Re8 14. Nf1 Bf8 15. Ne3 g6 16. b4 Nb7 17. a4 Bd7 18. a5 Nh5 19. Nf1 Rc8 20. Bd2 Bg7 21. Rc1 c4 22. Be3 Qe7 23. Qd2 Qf8 24. Bd1 Bh8 25. Bh6 Bg7 26. Be3 Bh8 27. g4 Ng7 28. Bh6 Qe7 29. Ng3 f6 30. Qe3 Nd8 31. Qd2 Nf7 32. Be3 f5 33. gxf5 gxf5 34. exf5 Nxf5 35. Kh2 Bf6 36. Bc2 Ng7 37. Rg1 Kh8 38. Ne4 Rb8 39. Nfg5 Nxg5 40. Bxg5 Bxg5 41. Rxg5 Rg8 42. Ng3 Qf7 43. Rg1 Rbf8 44. Rg2 Bc8 45. Be4 Ne8 46. h4 Nf6 47. Kg1 Bb7 48. f3 Bxd5 49. Nf5 Qe6 50. Bxd5 Nxd5 51. Ng7 Qf7 52. Rf5 Qb7 53. Rxf8 Rxf8 54. Qh6 Qf7 55. Qxd6 Nf4 56. Rg5 Nh3+ 57. Kh2 Nxg5 58. hxg5 Qxg7 59. Qxa6 Qxg5 60. Qxb5 Rg8 0-1

[Event "Quebec-ch U20"]
[Site "Montreal CAN"]
[Date "2011.02.12"]
[Round "2"]
[White "Cote-Lalumiere, Tristan"]
[Black "Manailoiu, Dragos"]
[Result "1/2-1/2"]
[WhiteElo "1884"]
[BlackElo "1503"]
[PlyCount "102"]
[GameId "2160767909812663"]
[EventDate "2011.02.11"]
[EventType "swiss"]
[EventRounds "5"]
[EventCountry "CAN"]
[SourceTitle "EXT 2013"]
[Source "ChessBase"]
[SourceDate "2012.11.22"]
[SourceVersion "1"]
[SourceVersionDate "2012.11.22"]
[SourceQuality "1"]

1. e4 c5 2. Nf3 Nc6 3. Nc3 Nf6 4. Be2 e6 5. O-O d5 6. exd5 exd5 7. d4 Bg4 8. Be3 c4 9. Ne5 Bxe2 10. Qxe2 Be7 11. Rae1 O-O 12. g4 Rc8 13. f4 Ne4 14. Nxc6 Rxc6 15. Nxe4 dxe4 16. Bf2 Bh4 17. g5 Bxf2+ 18. Qxf2 Re8 19. c3 Rce6 20. Re3 f5 21. gxf6 Rxf6 22. Kh1 Qd5 23. Rg1 Kh8 24. Qh4 Rf5 25. Rg2 Re6 26. Reg3 Rf7 27. Rg5 Qd7 28. Qg4 h6 29. Rc5 Rff6 30. d5 Rd6 31. Rc8+ Kh7 32. Qxd7 Rxd7 33. Rxc4 Rxf4 34. Rd4 Rf1+ 35. Rg1 Rf2 36. Rg2 Rf1+ 37. Rg1 Rf2 38. Rxe4 Rxb2 39. c4 Rxa2 40. Rd1 b6 41. d6 Rf2 42. Re7 Rxe7 43. dxe7 Re2 44. Rd7 Kg6 45. Rxa7 Kf6 46. Ra6 Kxe7 47. Rxb6 Rc2 48. Rc6 Kd7 49. Rc5 Kd6 50. Rd5+ Kc6 51. Rd8 Rxc4 1/2-1/2

[Event "Quebec-ch U20"]
[Site "Montreal CAN"]
[Date "2011.02.12"]
[Round "2"]
[White "Dumont, Felix"]
[Black "Chang, Michael"]
[Result "1/2-1/2"]
[WhiteElo "2016"]
[BlackElo "1538"]
[PlyCount "76"]
[GameId "2160767909812664"]
[EventDate "2011.02.11"]
[EventType "swiss"]
[EventRounds "5"]
[EventCountry "CAN"]
[SourceTitle "EXT 2013"]
[Source "ChessBase"]
[SourceDate "2012.11.22"]
[SourceVersion "1"]
[SourceVersionDate "2012.11.22"]
[SourceQuality "1"]

1. e4 c6 2. d4 d5 3. f3 e6 4. Nc3 Nd7 5. Be3 Ne7 6. Nh3 dxe4 7. fxe4 Ng6 8. a4 Bb4 9. Bc4 O-O 10. O-O Nb6 11. Bb3 a5 12. Ng5 Be7 13. Qd2 Bxg5 14. Bxg5 f6 15. Be3 Kh8 16. Qf2 Re8 17. d5 Nd7 18. dxe6 Ndf8 19. Rad1 Qc7 20. Bb6 Qe5 21. Bd4 Qg5 22. Qf5 Nxe6 23. Qxg5 Nxg5 24. Rxf6 c5 25. Rxg6 hxg6 26. Bxc5 Nxe4 27. Nxe4 Rxe4 28. Rd8+ Kh7 29. Bd5 Re1+ 30. Kf2 Re2+ 31. Kf1 Re5 32. Bd4 Re7 33. Bc3 Rd7 34. Bg8+ Kh6 35. Rf8 b6 36. Be6 Ba6+ 37. Ke1 Rxf8 38. Bxd7 Rf7 1/2-1/2

[Event "Quebec-ch U20"]
[Site "Montreal CAN"]
[Date "2011.02.12"]
[Round "2"]
[White "He, Hang Shao"]
[Black "Gelet, Seymour"]
[Result "0-1"]
[WhiteElo "1508"]
[BlackElo "1885"]
[PlyCount "66"]
[GameId "2160767909812665"]
[EventDate "2011.02.11"]
[EventType "swiss"]
[EventRounds "5"]
[EventCountry "CAN"]

1. d4 d5 2. c4 e6 3. Nf3 Nf6 4. Bg5 Be7 5. e3 Nbd7 6. Nc3 c6 7. Qc2 O-O 8. Rc1 Re8 9. Bd3 dxc4 10. Bxc4 b5 11. Bd3 Bb7 12. O-O a6 13. Rfd1 h6 14. Bh4 Qb6 15. Ne4 Rac8 16. Nc5 Nf8 17. b4 Nd5 18. a3 Bxh4 19. Nxh4 Re7 20. Nf3 a5 21. Qb3 axb4 22. axb4 Nd7 23. Ra1 Nxc5 24. dxc5 Qc7 25. Ra7 Ra8 26. Rda1 Rxa7 27. Rxa7 Qb8 28. Qa3 Nxb4 29. Qxb4 Rd7 30. Qe4 Qxa7 31. Nd4 Qxc5 32. Nxc6 Qc1+ 33. Bf1 Rd1 0-1

[Event "Quebec-ch U20"]
[Site "Montreal CAN"]
[Date "2011.02.12"]
[Round "2"]
[White "Lepine, Cedric"]
[Black "Jiang, Louie"]
[Result "0-1"]
[WhiteElo "1983"]
[BlackElo "2331"]
[PlyCount "71"]
[GameId "2160767909812669"]
[EventDate "2011.02.11"]
[EventType "swiss"]
[EventRounds "5"]
[EventCountry "CAN"]
[SourceTitle "EXT 2013"]
[Source "ChessBase"]
[SourceDate "2012.11.22"]
[SourceVersion "1"]
[SourceVersionDate "2012.11.22"]
[SourceQuality "1"]

1. d4 Nf6 2. c4 e6 3. Nc3 d5 4. Nf3 c6 5. g3 Bd6 6. Bg2 Nbd7 7. O-O O-O 8. e4 Nxe4 9. Nxe4 dxe4 10. Ng5 Nf6 11. Nxe4 Nxe4 12. Bxe4 Qe7 13. f4 Bd7 14. c5 Bc7 15. Bd2 Rfd8 16. Qc2 g6 17. b4 Be8 18. Bc3 Rd7 19. Rad1 Qf8 20. Ba1 Bd8 21. a4 Bf6 22. d5 Bxa1 23. Rxa1 exd5 24. Bd3 f6 25. h4 Rdd8 26. f5 Kg7 27. Kh2 g5 28. Rae1 Bf7 29. Re2 Kh8 30. Rg1 gxh4 31. g4 Re8 32. Qc3 Rxe2+ 33. Bxe2 Qe7 34. Bd1 Kg8 35. Re1 Qc7+ 36. Kh1 0-1

[Event "Quebec-ch U20"]
[Site "Montreal CAN"]
[Date "2011.02.12"]
[Round "2"]
[White "Poulin, Mathieu"]
[Black "Shi, Ling Yun"]
[Result "1-0"]
[WhiteElo "2032"]
[BlackElo "1519"]
[PlyCount "69"]
[GameId "2160767909812670"]
[EventDate "2011.02.11"]
[EventType "swiss"]
[EventRounds "5"]
[EventCountry "CAN"]
[SourceTitle "EXT 2013"]
[Source "ChessBase"]
[SourceDate "2012.11.22"]
[SourceVersion "1"]
[SourceVersionDate "2012.11.22"]
[SourceQuality "1"]

1. d4 Nf6 2. c4 g6 3. Nc3 Bg7 4. e4 d6 5. f3 O-O 6. Be3 Nbd7 7. Qd2 e5 8. d5 Ne8 9. g4 Nb6 10. O-O-O f5 11. gxf5 gxf5 12. Bd3 f4 13. Bf2 Kh8 14. Kb1 Bd7 15. c5 Na4 16. Nxa4 Bxa4 17. Rc1 a6 18. Qb4 Bd7 19. Qxb7 Qc8 20. Qb3 dxc5 21. Bxc5 Rf6 22. Ne2 Nd6 23. Rhg1 Bb5 24. Bxd6 Bxd3+ 25. Qxd3 Rxd6 26. Qc3 Ra7 27. Nxf4 Qd7 28. Ne6 Bf6 29. Nxc7 Rb6 30. Ne6 Ra8 31. Qc7 Qb5 32. Qc8+ Rxc8 33. Rxc8+ Bd8 34. Rxd8+ Qe8 35. Rxe8# 1-0

[Event "Quebec-ch U20"]
[Site "Montreal CAN"]
[Date "2011.02.12"]
[Round "2"]
[White "Sun, Benjamin"]
[Black "Yun, Chang"]
[Result "0-1"]
[WhiteElo "1437"]
[BlackElo "1789"]
[PlyCount "62"]
[GameId "2160767909812671"]
[EventDate "2011.02.11"]
[EventType "swiss"]
[EventRounds "5"]
[EventCountry "CAN"]
[SourceTitle "EXT 2013"]
[Source "ChessBase"]
[SourceDate "2012.11.22"]
[SourceVersion "1"]
[SourceVersionDate "2012.11.22"]
[SourceQuality "1"]

1. e4 c5 2. Nf3 d6 3. d4 cxd4 4. Nxd4 Nf6 5. Nc3 g6 6. Be3 Bg7 7. f3 Nc6 8. Qd2 O-O 9. Bc4 Bd7 10. O-O-O Rc8 11. Bb3 Nxd4 12. Bxd4 b5 13. g4 b4 14. Nd5 Nxd5 15. Bxd5 Bxd4 16. Qxd4 Rc5 17. Qxb4 Qc7 18. Qd2 Rc8 19. Bb3 a5 20. a4 Rb8 21. Kb1 Rb4 22. Qf4 Be6 23. Bxe6 fxe6 24. Qd2 Qc6 25. b3 Qxa4 26. h4 Qa3 27. Rc1 a4 28. Qxb4 Qxb4 29. Kb2 axb3 30. cxb3 Ra5 31. Kb1 Qxb3# 0-1

[Event "Quebec-ch U20"]
[Site "Montreal CAN"]
[Date "2011.02.12"]
[Round "2"]
[White "Wang, Kelly"]
[Black "Zhu, Hong Rui"]
[Result "1/2-1/2"]
[WhiteElo "1519"]
[BlackElo "2062"]
[PlyCount "91"]
[GameId "2160767909812672"]
[EventDate "2011.02.11"]
[EventType "swiss"]
[EventRounds "5"]
[EventCountry "CAN"]
[SourceTitle "EXT 2013"]
[Source "ChessBase"]
[SourceDate "2012.11.22"]
[SourceVersion "1"]
[SourceVersionDate "2012.11.22"]
[SourceQuality "1"]

1. e4 c5 2. Nf3 d6 3. c3 g6 4. d4 cxd4 5. cxd4 d5 6. e5 Bg7 7. Nc3 Nc6 8. Qb3 e6 9. Be2 Nh6 10. Bg5 Qd7 11. Bxh6 Bxh6 12. O-O O-O 13. Bb5 Rd8 14. Bxc6 Qxc6 15. h3 Bd7 16. Nh2 b5 17. Ng4 Bg5 18. Ne2 Rac8 19. f4 Be7 20. Rac1 Qb6 21. Qe3 h5 22. Nh2 Kg7 23. Nf3 Rc4 24. b3 Rxc1 25. Rxc1 Qa6 26. Rc2 b4 27. Ne1 Rc8 28. Rxc8 Qxc8 29. Qc1 Kf8 30. Kf2 Ke8 31. Qxc8+ Bxc8 32. Nd3 Kd7 33. Nb2 Ba6 34. Ke3 Kc6 35. Nc1 Bf1 36. Kf2 Bb5 37. Ke3 g5 38. Ncd3 a5 39. Kf3 f6 40. fxg5 fxg5 41. g4 h4 42. Ke3 Kd7 43. Kf3 Bd8 44. Kf2 Bb6 45. Ke3 Kc6 46. Na4 1/2-1/2

[Event "Quebec-ch U20"]
[Site "Montreal CAN"]
[Date "2011.02.12"]
[Round "3"]
[White "Chang, Michael"]
[Black "Lepine, Cedric"]
[Result "0-1"]
[WhiteElo "1538"]
[BlackElo "1983"]
[PlyCount "94"]
[GameId "2160767909812674"]
[EventDate "2011.02.11"]
[EventType "swiss"]
[EventRounds "5"]
[EventCountry "CAN"]
[SourceTitle "EXT 2013"]
[Source "ChessBase"]
[SourceDate "2012.11.22"]
[SourceVersion "1"]
[SourceVersionDate "2012.11.22"]
[SourceQuality "1"]

1. e4 Nf6 2. e5 Nd5 3. d4 d6 4. c4 Nb6 5. exd6 cxd6 6. Nc3 g6 7. Be3 Bg7 8. h3 O-O 9. Nf3 Nc6 10. Be2 e5 11. dxe5 dxe5 12. Qxd8 Rxd8 13. O-O Nd4 14. Bxd4 exd4 15. Ne4 d3 16. Rad1 Bf5 17. Bxd3 Rxd3 18. Rxd3 Bxe4 19. Rdd1 Bxf3 20. gxf3 Nxc4 21. b3 Ne5 22. Kg2 g5 23. Rd2 Rc8 24. Rfd1 Bf6 25. Re1 Rc7 26. Re4 Ng6 27. Rc4 Nh4+ 28. Kh1 Rxc4 29. bxc4 Nxf3 30. Rd7 b6 31. Rxa7 Bd4 32. Kg2 Ne5 33. Rc7 Bc5 34. a4 Nxc4 35. Kf3 Na5 36. Ke2 Kg7 37. f3 Kg6 38. Rc8 h5 39. Kd3 Kf5 40. Rc7 f6 41. Rh7 h4 42. Rf7 Bd6 43. Ke2 Be5 44. Kf2 Nc4 45. Rb7 Nb2 46. Ra7 Bc3 47. Kg2 Ba5 0-1

[Event "Quebec-ch U20"]
[Site "Montreal CAN"]
[Date "2011.02.12"]
[Round "3"]
[White "Luo, Zhao Yang"]
[Black "Dumont, Felix"]
[Result "0-1"]
[WhiteElo "2004"]
[BlackElo "2016"]
[PlyCount "86"]
[GameId "2160767909812677"]
[EventDate "2011.02.11"]
[EventType "swiss"]
[EventRounds "5"]
[EventCountry "CAN"]
[SourceTitle "EXT 2013"]
[Source "ChessBase"]
[SourceDate "2012.11.22"]
[SourceVersion "1"]
[SourceVersionDate "2012.11.22"]
[SourceQuality "1"]

1. d4 Nf6 2. c4 g6 3. Nc3 Bg7 4. e4 d6 5. Nf3 O-O 6. Be2 e5 7. O-O Nc6 8. d5 Ne7 9. Ne1 Nd7 10. Be3 f5 11. f3 f4 12. Bf2 g5 13. Rc1 Rf6 14. b4 Rh6 15. g4 fxg3 16. Bxg3 Ng6 17. Ng2 Nf4 18. Ne3 Nf6 19. Re1 Qe8 20. Bf1 N6h5 21. Ne2 a5 22. b5 b6 23. Ng4 Bxg4 24. fxg4 Nf6 25. Nc3 Qd7 26. Bxf4 exf4 27. h3 Rh4 28. Bg2 Re8 29. Qf3 h5 30. gxh5 Nxh5 31. Ne2 Nf6 32. Nd4 Nxe4 33. Ne6 Nc5 34. Nxg5 Bd4+ 35. Kh2 Be3 36. Rcd1 Re5 37. Ne6 Nxe6 38. dxe6 Qxe6 39. Qc6 f3 40. Qxf3 Bf4+ 41. Qxf4 Rxf4 42. Bd5 Rxd5 43. Rxe6 Rxd1 0-1